| 000 | 00609nam a22001817a 4500 | ||
|---|---|---|---|
| 003 | PILC | ||
| 005 | 20150526101356.0 | ||
| 008 | 150526b xxu||||| |||| 00| 0 eng d | ||
| 050 |
_aT 57.6.A1 _b.M183 2002 |
||
| 100 | _aMadrid, Evangeline W. | ||
| 245 |
_aPascal programming : _bmade simple / _cEvangeline W. Madrid, Josephine Medina-Manalad. |
||
| 260 |
_aMandaluyong City : _bHyperbit Computer System, _c2002. |
||
| 300 |
_a163 pages : _billustrations ; _c28 cm. |
||
| 500 | _aIncludes bibliographical references. | ||
| 650 | _aProgramming. | ||
| 700 | _aMedina-Manalad, Josephine. | ||
| 942 |
_2lcc _cBK _kFIL |
||
| 999 |
_c284371 _d284371 |
||